000 00500nam a2200217Ia 4500
003 0100
008 130303s9999 xx 000 0 und d
020 _a871875462
040 _cARRUPELIB
050 _aHC110.E5R665 1990
100 _aRosenbaum, Walter A
245 _aEnvironmental politics and policy
250 _a2nd
260 _aWashington, D.C.
260 _bCO Press
260 _C1990
300 _axiii
300 _b 336 p.23 cm
700 _aWalter A. Rosenbaum
942 0 0 _01
999 _c9295
_d9295